Normal view MARC view

Entry Personal Name

Number of records used in: 1

001 - CONTROL NUMBER

  • control field: 9401

003 - CONTROL NUMBER IDENTIFIER

  • control field: DLC

005 - DATE AND TIME OF LATEST TRANSACTION

  • control field: 20230902140658.0

008 - FIXED-LENGTH DATA ELEMENTS

  • fixed length control field: 980422n| acannaab| |a aaa c

010 ## - LIBRARY OF CONGRESS CONTROL NUMBER

  • LC control number: nr 98014847

040 ## - CATALOGING SOURCE

  • Original cataloging agency: UkCU
  • Language of cataloging: eng
  • Transcribing agency: UkCU
  • Modifying agency: UkOxU
  • Modifying agency: DLC

046 ## - SPECIAL CODED DATES

  • Birth date: 19661209

100 1# - HEADING--PERSONAL NAME

  • Personal name: Barros, Pedro Pita

400 1# - SEE FROM TRACING--PERSONAL NAME

  • Personal name: Pita Barros, Pedro

670 ## - SOURCE DATA FOUND

  • Source citation: Approval rules for sequential horizontal mergers, 1997:
  • Information found: t.p. (Pedro Pita Barros) verso t.p. (Fac. de Economia, Univ. Nova de Lisboa)

670 ## - SOURCE DATA FOUND

  • Source citation: Moral hazard and the demand for health services, 2006:
  • Information found: t.p. (Pedro Luis Pita Barros)

670 ## - SOURCE DATA FOUND

  • Source citation: Health economics, 2011:
  • Information found: ECIP t.p. (Pedro Barros) Data view (Pedro Pita Barros ; b. Dec. 9, 1966)

670 ## - SOURCE DATA FOUND

  • Source citation: Handbook of health economics, 2012- :
  • Information found: v. 2, t.p. (Pedro P. Barros)

Powered by Koha